Top 5 Países em Medalhas Olímpicas por Continente - Statistics

Estatísticas Gerais
  • Esse quiz foi jogado 24 771 vezes
  • A pontuação média é 22 de 30
Estatísticas das Respostas
Continente Medalhas País % Correto
América do Sul 150 Brasil
99%
América do Norte 2,941 Estados Unidos
98%
América do Sul 77 Argentina
97%
Ásia 696 China
97%
Oceania 562 Austrália
95%
América do Norte 525 Canadá
95%
Ásia 497 Japão
95%
Europa 888 França
94%
Europa 1,272 Alemanha | Alemanha Ocidental
93%
América do Norte 73 México
92%
América do Sul 13 Chile
90%
América do Sul 33 Colômbia
90%
Oceania 140 Nova Zelândia
89%
África 86 África do Sul
87%
Europa 742 Itália
86%
Ásia 357 Coreia do Sul
85%
Europa 948 Grã-Bretanha
84%
América do Sul 19 Venezuela
83%
América do Norte 241 Cuba
74%
África 32 Egito
74%
América do Norte 87 Jamaica
68%
África 25 Nigéria
59%
Europa 1,339 União Soviética | Equipe Unificada
58%
Oceania 3 Fiji
55%
África 102 Quênia
44%
África 53 Etiópia
37%
Oceania 1 Samoa
36%
Ásia 104 Turquia
35%
Oceania 1 Tonga
33%
Ásia 80 Cazaquistão
26%
Nenhum quiz correspondente encontrado
Distribuição das Pontuações
Porcentagem de Pessoas com Cada Pontuação
Percentil de Números Respondidos
Sua Pontuação Histórica
Você não jogou esse quiz